Qualitative Research from Start to Finish / (Record no. 32107)

000 -LEADER
fixed length control field 00516 a2200193 4500
003 - CONTROL NUMBER IDENTIFIER
control field OSt
005 - DATE AND TIME OF LATEST TRANSACTION
control field 20260121104718.0
008 - FIXED-LENGTH DATA ELEMENTS--GENERAL INFORMATION
fixed length control field 260121b ||||| |||| 00| 0 eng d
020 ## - INTERNATIONAL STANDARD BOOK NUMBER
International Standard Book Number 978-1-4625-1797-8
040 ## - CATALOGING SOURCE
Transcribing agency .
082 ## - DEWEY DECIMAL CLASSIFICATION NUMBER
Classification number 001.42
Item number Y515
100 ## - MAIN ENTRY--PERSONAL NAME
9 (RLIN) 6520
Personal name Yin, Robert K.
245 ## - TITLE STATEMENT
Title Qualitative Research from Start to Finish /
Statement of responsibility, etc. by Robert K. Yin
250 ## - EDITION STATEMENT
Edition statement 2nd ed.
260 ## - PUBLICATION, DISTRIBUTION, ETC.
Name of publisher, distributor, etc. The Guilford press,
Place of publication, distribution, etc. London :
Date of publication, distribution, etc. 2016.
300 ## - PHYSICAL DESCRIPTION
Extent 386 p.
650 #0 - SUBJECT ADDED ENTRY--TOPICAL TERM
9 (RLIN) 1055
Topical term or geographic name entry element Research Methodology
942 ## - ADDED ENTRY ELEMENTS (KOHA)
Source of classification or shelving scheme
Koha item type Books
Holdings
Withdrawn status Lost status Source of classification or shelving scheme Damaged status Not for loan Collection code Permanent Location Current Location Shelving location Date acquired Source of acquisition Cost, normal purchase price Full call number Barcode Date last seen Cost, replacement price Price effective from Koha item type
          Non-fiction IMU Kolkata IMU Kolkata Reference 2026-02-06 29 4156.62 001.42 Y515 14603 2026-02-06 6927.70 2026-02-06 Books
          Non-fiction IMU Kolkata IMU Kolkata Reference 2026-02-06 29 4156.62 001.42 Y515 14604 2026-02-06 6927.70 2026-02-06 Books
Designed and Maintained by IMU-KC Library, Kolkata Campus © Copyright All Rights Reserved

webs counters

Powered by Koha